[Event "World Blitz 2015"]
[Site "Berlin GER"]
[Date "2015.10.13"]
[Round "2.27"]
[White "Ehlvest, Jaan"]
[Black "Melkumyan, Hrant"]
[Result "0-1"]
[WhiteTitle "GM"]
[BlackTitle "GM"]
[WhiteElo "2535"]
[BlackElo "2622"]
[WhiteFideId "4500016"]
[BlackFideId "13302485"]
[EventDate "2015.10.13"]

1. Nf3 d5 2. c4 e6 3. d4 Nf6 4. Nc3 Be7 5. e3 O-O 6. Bd3 dxc4 7. Bxc4 a6 8. a4
c5 9. O-O Nc6 10. h3 Bd7 11. Qe2 cxd4 12. exd4 Nb4 13. Ne5 Bc6 14. Rd1 Rc8 15.
Nxc6 Rxc6 16. Bf4 Nfd5 17. Be5 Re8 18. Ne4 f6 19. Bh2 Bf8 20. Bb3 a5 21. Bc4 Qc8
22. Bb5 Rc2 23. Rd2 Rd8 24. Rad1 Rxd2 25. Qxd2 Qc2 26. Qxc2 Nxc2 27. Nc5 Bxc5
28. dxc5 Kf7 29. Bd6 Ncb4 30. Kf1 Nc6 31. Ke2 g5 32. g3 h5 33. Rd3 Ncb4 34. Rd2
Rc8 35. Rd1 Nc6 36. Kf3 f5 37. Rd3 Ncb4 38. Rd2 g4+ 39. hxg4 hxg4+ 40. Ke2 Rh8
41. Rd1 Rh2 42. Bc4 Kf6 43. Kf1 Rh1+ 44. Ke2 Rh2 45. Kf1 Rh5 46. Kg2 f4 47. gxf4
Kf5 48. Re1 Nxf4+ 49. Bxf4 Kxf4 50. Rxe6 Rxc5 51. b3 Nc6 52. Rf6+ Kg5 53. Rf7 b6
54. Rb7 Nd4 55. Rxb6 Kf4 56. Rb8 Rf5 57. Rd8 Nf3 58. Kf1 Rh5 59. Ke2 Rh1 60.
Rf8+ Ke5 61. Ke3 Re1+ 62. Kd3 Rd1+ 63. Kc2 Rd2+ 64. Kc3 Rxf2 65. Ra8 g3 66.
Rxa5+ Kf4 0-1

[Event "World Blitz 2015"]
[Site "Berlin GER"]
[Date "2015.10.13"]
[Round "2.28"]
[White "Naumann, Alexander"]
[Black "Iturrizaga Bonelli, Eduardo"]
[Result "0-1"]
[WhiteTitle "GM"]
[BlackTitle "GM"]
[WhiteElo "2545"]
[BlackElo "2641"]
[WhiteFideId "4623169"]
[BlackFideId "3901211"]
[EventDate "2015.10.13"]

1. d4 Nf6 2. c4 c5 3. d5 b5 4. cxb5 a6 5. bxa6 g6 6. Nc3 Bxa6 7. Nf3 Bg7 8. e4
Bxf1 9. Kxf1 d6 10. g3 O-O 11. Kg2 Nbd7 12. a4 Ra6 13. Qc2 Qa8 14. Bd2 Rc8 15.
Nb5 e6 16. dxe6 fxe6 17. Rhe1 d5 18. exd5 exd5 19. Bf4 Nh5 20. Bg5 h6 21. Bd2
Rf6 22. Ng1 Rcf8 23. f3 Qc6 24. Re7 d4 25. Qe4 Qxe4 26. Rxe4 Nb6 27. b3 Rc6 28.
a5 Nd5 29. a6 Nhf6 30. Ree1 Ra8 31. a7 Nc7 32. Nxc7 Rxc7 33. Rec1 Nd7 34. Ra5
Raxa7 35. Rca1 Rxa5 36. Rxa5 Rb7 37. Ra3 Bf8 38. Ra8 Kf7 39. Ne2 Rxb3 40. Ra7
Ke8 41. Kf1 Rb1+ 42. Kf2 Rb2 43. Ke1 Rb3 44. Ra8+ Kf7 45. Ra7 Ke8 46. Ra8+ Rb8
47. Ra6 g5 48. f4 Rb1+ 49. Kf2 Rb2 50. Ke1 gxf4 51. Bxf4 d3 52. Nc3 c4 53. Ra8+
Kf7 54. Ra7 Ke6 55. Ra6+ Kf5 56. Nd5 Ke4 57. Nc3+ Kd4 58. Nd1 Rxh2 59. Be3+ Ke4
60. Re6+ Kd5 61. Re8 Bb4+ 62. Kf1 Re2 63. Rd8 Kc6 64. Rc8+ Kd5 65. Rd8 Re1+ 66.
Kg2 Rxd1 67. Rxd7+ Kc6 68. Rd8 h5 69. Kf3 Re1 70. Rc8+ Kb5 71. Bf2 Re6 72. Bd4
d2 0-1

[Event "World Blitz 2015"]
[Site "Berlin GER"]
[Date "2015.10.13"]
[Round "2.29"]
[White "Fressinet, Laurent"]
[Black "Mikhalevski, Victor"]
[Result "1-0"]
[WhiteTitle "GM"]
[BlackTitle "GM"]
[WhiteElo "2702"]
[BlackElo "2536"]
[WhiteFideId "608742"]
[BlackFideId "2801914"]
[EventDate "2015.10.13"]

1. Nf3 Nf6 2. g3 g6 3. b3 Bg7 4. Bb2 d6 5. d4 c5 6. c4 cxd4 7. Nxd4 d5 8. Bg2
dxc4 9. O-O O-O 10. Na3 cxb3 11. axb3 Nc6 12. Nxc6 bxc6 13. Nc4 Bf5 14. Na5 Qxd1
15. Rfxd1 Rfe8 16. Bxc6 Rab8 17. Bxe8 Nxe8 18. Bxg7 Kxg7 19. Nc6 Rxb3 20. Rxa7
Bc2 21. Rc1 Be4 22. Rxe7 Nd6 23. f3 Bf5 24. Nd4 1-0

[Event "World Blitz 2015"]
[Site "Berlin GER"]
[Date "2015.10.13"]
[Round "2.30"]
[White "Olafsson, Helgi"]
[Black "Ghaem Maghami, Ehsan"]
[Result "0-1"]
[WhiteTitle "GM"]
[BlackTitle "GM"]
[WhiteElo "2549"]
[BlackElo "2596"]
[WhiteFideId "2300010"]
[BlackFideId "12500739"]
[EventDate "2015.10.13"]

1. d4 Nf6 2. c4 e6 3. Nf3 d5 4. Nc3 dxc4 5. e3 a6 6. a4 b6 7. Bxc4 Bb7 8. Qe2
Bb4 9. O-O O-O 10. Rd1 Nbd7 11. Bd3 c5 12. dxc5 Bxc5 13. h3 Qc7 14. Bd2 Ne5 15.
Nxe5 Qxe5 16. e4 Rfd8 17. Be3 Nd7 18. Bc2 Rac8 19. Rd2 Qc7 20. Rad1 Ne5 21. Bf4
Rxd2 22. Rxd2 Be7 23. Bb3 h6 24. Bg3 Bf6 25. f4 Nc6 26. e5 Be7 27. Ne4 Na5 28.
Ba2 Bxe4 29. Qxe4 Qc1+ 30. Be1 Nc6 31. Kh2 Bb4 32. Re2 Bxe1 33. Rxe1 Qxb2 34.
Re2 Qb4 35. Qe3 Nd4 36. Rd2 Nf5 37. Qd3 Qxf4+ 0-1

[Event "World Blitz 2015"]
[Site "Berlin GER"]
[Date "2015.10.13"]
[Round "2.31"]
[White "Al-Sayed, Mohammed"]
[Black "Kovalenko, Igor"]
[Result "0-1"]
[WhiteTitle "GM"]
[BlackTitle "GM"]
[WhiteElo "2520"]
[BlackElo "2700"]
[WhiteFideId "12100196"]
[BlackFideId "14117908"]
[EventDate "2015.10.13"]

1. d4 Nf6 2. c4 e6 3. Nf3 b6 4. g3 Ba6 5. b3 d5 6. cxd5 exd5 7. Bg2 Bb4+ 8. Bd2
Bxd2+ 9. Qxd2 Ne4 10. Qb2 O-O 11. O-O Nd7 12. Re1 Ndf6 13. Nc3 Re8 14. Ne5 c5
15. e3 Rc8 16. Rac1 Bb7 17. Red1 Qe7 18. Ne2 a5 19. Nf4 Red8 20. Bh3 Rc7 21. Qe2
Ra8 22. Qb2 Rd8 23. Qe2 Qe8 24. Qb2 h5 25. Bg2 h4 26. Nfd3 Ba6 27. Nf4 Bb7 28.
Nfd3 Bc8 29. Nf4 Bf5 30. Qe2 Rdc8 31. Qe1 a4 32. gxh4 axb3 33. axb3 Qb5 34. f3
Nd6 35. Qg3 cxd4 36. Rxc7 Rxc7 37. exd4 Qxb3 38. Ned3 Qxd1+ 0-1

[Event "World Blitz 2015"]
[Site "Berlin GER"]
[Date "2015.10.13"]
[Round "2.32"]
[White "Gajewski, Grzegorz"]
[Black "Wojtaszek, Radoslaw"]
[Result "1/2-1/2"]
[WhiteTitle "GM"]
[BlackTitle "GM"]
[WhiteElo "2654"]
[BlackElo "2734"]
[WhiteFideId "1116207"]
[BlackFideId "1118358"]
[EventDate "2015.10.13"]

1. d4 Nf6 2. c4 e6 3. Nc3 Bb4 4. Qc2 c5 5. dxc5 O-O 6. Nf3 Na6 7. e3 Nxc5 8. Bd2
b6 9. Be2 Bb7 10. O-O Bxc3 11. Bxc3 Nce4 12. Rfd1 Rc8 13. Bxf6 Nxf6 14. Qa4 Qc7
15. Rd4 a6 16. Rad1 h6 17. Qb4 d5 18. h3 Qc5 1/2-1/2

[Event "World Blitz 2015"]
[Site "Berlin GER"]
[Date "2015.10.13"]
[Round "2.33"]
[White "Eljanov, Pavel"]
[Black "Kovalev, Vladislav"]
[Result "1-0"]
[WhiteTitle "GM"]
[BlackTitle "GM"]
[WhiteElo "2717"]
[BlackElo "2546"]
[WhiteFideId "14102951"]
[BlackFideId "13504398"]
[EventDate "2015.10.13"]

1. d4 Nf6 2. Nf3 g6 3. Bg5 Bg7 4. c3 O-O 5. Nbd2 d5 6. e3 c5 7. Be2 Nfd7 8. O-O
Nc6 9. a3 a5 10. a4 Qc7 11. Bb5 e5 12. Rc1 Re8 13. Bh4 Na7 14. Bxd7 Bxd7 15.
Nxe5 Bxe5 16. dxe5 Qxe5 17. Nf3 Qh5 18. h3 Be6 19. Bg3 Nc6 20. Qb3 Bxh3 21. Qxb7
Rac8 22. Qb6 Bg4 23. Nh2 Be2 24. Rfe1 c4 25. b3 Bd3 26. bxc4 dxc4 27. Nf3 Re6
28. Qb5 Qg4 29. Nd4 Nxd4 30. exd4 Rce8 31. Qxe8+ Rxe8 32. Rxe8+ Kg7 33. Rce1 f6
34. d5 h5 35. d6 h4 36. d7 hxg3 37. f3 Qf5 38. d8=Q Qc5+ 39. Qd4 1-0

[Event "World Blitz 2015"]
[Site "Berlin GER"]
[Date "2015.10.13"]
[Round "2.35"]
[White "Piorun, Kacper"]
[Black "Nguyen, Ngoc Truong Son"]
[Result "1/2-1/2"]
[WhiteTitle "GM"]
[BlackTitle "GM"]
[WhiteElo "2609"]
[BlackElo "2634"]
[WhiteFideId "1130420"]
[BlackFideId "12401110"]
[EventDate "2015.10.13"]

1. e4 e5 2. Nf3 Nc6 3. Nc3 Nf6 4. Be2 d5 5. exd5 Nxd5 6. O-O Nxc3 7. bxc3 e4 8.
Ne1 Bd6 9. f3 O-O 10. fxe4 Qh4 11. Nf3 Qxe4 12. d4 Bg4 13. Bd3 Qd5 14. h3 Bh5
15. g4 Bg6 16. c4 Qa5 17. Bd2 Bb4 18. d5 Bxd2 19. Qxd2 Qxd2 20. Nxd2 Ne5 21.
Bxg6 hxg6 22. c5 Rad8 23. c4 b6 24. Rae1 f6 25. cxb6 axb6 26. g5 Nd3 27. Re6
fxg5 28. Rxf8+ Rxf8 29. Rxg6 Nf4 30. Rc6 Nxh3+ 31. Kh2 Nf4 32. Rxc7 Nxd5 33.
cxd5 Rf2+ 34. Kg3 Rxd2 35. Rb7 Rxd5 36. Rxb6 Ra5 37. Kg4 1/2-1/2

[Event "World Blitz 2015"]
[Site "Berlin GER"]
[Date "2015.10.13"]
[Round "2.38"]
[White "Movsesian, Sergei"]
[Black "Carlstedt, Jonathan"]
[Result "1-0"]
[WhiteTitle "GM"]
[BlackTitle "IM"]
[WhiteElo "2658"]
[BlackElo "2442"]
[WhiteFideId "310204"]
[BlackFideId "24614386"]
[EventDate "2015.10.13"]

1. e4 e5 2. Nf3 Nc6 3. Bb5 a6 4. Ba4 Nf6 5. O-O Bc5 6. c3 b5 7. Bb3 d6 8. a4 Bg4
9. d3 Rb8 10. axb5 axb5 11. h3 Bh5 12. Nbd2 h6 13. Re1 Bb6 14. Nf1 O-O 15. Ng3
Bg6 16. Nh4 Ne7 17. Qf3 Nd7 18. Nxg6 Nxg6 19. Nf5 Qf6 20. Bd5 Kh7 21. b4 Rfd8
22. Qg3 Ndf8 23. h4 Ne7 24. Bg5 Nxf5 25. Qh3 Qg6 26. exf5 Qh5 27. g4 1-0

[Event "World Blitz 2015"]
[Site "Berlin GER"]
[Date "2015.10.13"]
[Round "2.39"]
[White "Vitiugov, Nikita"]
[Black "Cordeiro, Marco Aurelio Zaror"]
[Result "1-0"]
[WhiteTitle "GM"]
[WhiteElo "2725"]
[BlackElo "2228"]
[WhiteFideId "4152956"]
[BlackFideId "2117991"]
[EventDate "2015.10.13"]

1. b3 e5 2. Bb2 d6 3. e3 Nc6 4. c4 g6 5. Nc3 Bg7 6. g3 f5 7. Bg2 Nf6 8. d3 O-O
9. Nge2 Ne7 10. b4 Kh8 11. b5 d5 12. cxd5 Nfxd5 13. O-O Be6 14. d4 e4 15. Ba3
Re8 16. Bxe7 Qxe7 17. Nxd5 Bxd5 18. Nc3 Bc4 19. Re1 a6 20. Bf1 axb5 21. Nxb5
Bxa2 22. Qc2 Bg8 23. Qxc7 Qxc7 24. Nxc7 Rxa1 25. Rxa1 Rc8 26. Nb5 Bd5 27. Nd6
Rd8 28. Nc4 Bf6 29. Nb6 Bc6 30. Bc4 Rd6 31. Ra8+ Kg7 32. Ra7 Kh6 33. h4 Bd8 34.
Nc8 Rf6 35. Bg8 Kg7 36. Bb3 Kh6 37. Ba4 Rf8 38. Bxc6 bxc6 39. Nd6 Bb6 40. Rb7
Bd8 41. Kg2 Bf6 42. Rc7 Ra8 43. Rxc6 Kg7 44. Rc7+ Kg8 45. h5 Ra6 46. Rd7 Bg7 47.
Rd8+ Bf8 48. Nc4 gxh5 49. Ne5 Rf6 50. Nd7 Rf7 51. Rxf8+ Rxf8 52. Nxf8 Kxf8 53.
Kh3 Kg7 54. Kh4 Kg6 55. d5 Kf6 56. Kxh5 Ke5 57. Kg5 h6+ 58. Kg6 h5 59. Kg5 Kxd5
60. Kxf5 1-0

[Event "World Blitz 2015"]
[Site "Berlin GER"]
[Date "2015.10.13"]
[Round "2.40"]
[White "Stern, Rene"]
[Black "Bogdanovich, Stanislav"]
[Result "1-0"]
[WhiteTitle "GM"]
[BlackTitle "IM"]
[WhiteElo "2538"]
[BlackElo "2590"]
[WhiteFideId "4611799"]
[BlackFideId "14115298"]
[EventDate "2015.10.13"]

1. d4 d5 2. c4 dxc4 3. e3 Be6 4. Nf3 c6 5. Be2 Nf6 6. O-O g6 7. Ng5 Bd5 8. f3 h6
9. Nh3 g5 10. Nc3 Bg7 11. Nf2 O-O 12. e4 Be6 13. f4 gxf4 14. Bxf4 b5 15. Qd2 Kh7
16. a4 b4 17. Ncd1 a5 18. Ne3 Ra7 19. Nxc4 Rd7 20. Rad1 Bxc4 21. Bxc4 e6 22. e5
Nd5 23. Bd3+ Kg8 24. Bxh6 Qh4 25. Bxg7 Kxg7 26. Ne4 Ne7 27. Rf4 Qh6 28. Nf6 Rdd8
29. Rg4+ Ng6 30. Bxg6 fxg6 31. Qxh6+ Kxh6 32. Rd3 g5 33. h4 Kg6 34. Rxg5+ Kf7
35. Rg4 c5 36. Rdg3 Ke7 37. Rg7+ Rf7 38. Rxf7+ Kxf7 39. h5 cxd4 40. h6 d3 41.
Rg7+ Kf8 42. Rg8+ Ke7 43. Rxd8 Kxd8 44. h7 Nc6 45. h8=Q+ Kc7 46. Qh7+ Kb6 47.
Qxd3 b3 48. Qb5+ Kc7 49. Ne8+ Kd7 50. g4 Ke7 51. Qxc6 Kf7 52. Qd7+ Kf8 53. g5 1-0

[Event "World Blitz 2015"]
[Site "Berlin GER"]
[Date "2015.10.13"]
[Round "2.42"]
[White "Onischuk, Vladimir"]
[Black "Schneider, Ilja"]
[Result "0-1"]
[WhiteTitle "GM"]
[BlackTitle "IM"]
[WhiteElo "2612"]
[BlackElo "2481"]
[WhiteFideId "14114038"]
[BlackFideId "4663306"]
[EventDate "2015.10.13"]

1. e4 Nc6 2. Nf3 f5 3. exf5 d5 4. d4 Bxf5 5. Bd3 Bg4 6. Be3 e5 7. dxe5 Nxe5 8.
Be2 Bxf3 9. Bxf3 Nxf3+ 10. Qxf3 Nf6 11. Nc3 Bd6 12. O-O-O c6 13. g4 O-O 14. Qe2
Be5 15. Bd4 Bxd4 16. Rxd4 Qe8 17. Qd2 c5 18. Re1 Qxe1+ 19. Qxe1 cxd4 20. Nxd5
Nxd5 21. Qe6+ Kh8 22. Qxd5 Rxf2 23. Qxd4 Rxh2 24. Qd7 h5 25. gxh5 Rf8 26. b4
Rff2 27. Qe8+ Kh7 28. Qe4+ Kh8 29. Kb2 Rxc2+ 30. Kb3 Rb2+ 31. Kc4 b6 32. a4 a5
33. Qe8+ Kh7 34. Qg6+ Kh8 35. Qe8+ Kh7 36. Qe4+ Kh8 37. bxa5 bxa5 38. Qa8+ Kh7
39. Qxa5 Rh4+ 40. Kd3 Rbh2 41. Qf5+ Kh8 42. a5 R2h3+ 43. Ke2 Rh2+ 44. Kf3 Rxh5
45. Qc8+ Kh7 46. a6 R2h3+ 47. Kg2 Ra3 48. Qc2+ Kh8 49. Qe2 Rha5 50. Qe8+ Kh7 51.
Qe4+ Kh8 52. Qe8+ Kh7 53. Qe4+ Kh6 54. Qe6+ g6 55. Qf6 Rxa6 56. Qh8+ Kg5 57.
Qe5+ Kg4 58. Qe4+ Kg5 59. Qe5+ Kh4 60. Qe4+ Kh5 61. Qe2+ Kh6 62. Qd2+ g5 63. Qd8
Ra2+ 64. Kg3 R6a3+ 65. Kg4 Ra4+ 66. Kg3 R2a3+ 67. Kg2 Ra2+ 68. Kg3 R4a3+ 69. Kg4
Rg2+ 70. Kf5 Rf3+ 71. Ke4 Rf4+ 72. Ke3 Rg3+ 73. Ke2 Kh5 74. Qh8+ Kg4 75. Qc8+
Kh4 76. Qh8+ Kg4 77. Qc8+ Rf5 78. Qc4+ Kh5 79. Qe6 Rgf3 80. Qe8+ Kh4 81. Qe4+
R5f4 82. Qh7+ Kg3 83. Qb1 Rf2+ 84. Ke3 R2f3+ 85. Ke2 g4 86. Qg1+ Kh3 87. Qh1+
Kg3 88. Qg1+ Kh4 89. Qh2+ Kg5 90. Qh8 Rf2+ 91. Ke1 g3 92. Qg7+ Kh4 93. Qh6+ Kg4
94. Qg6+ Kh3 95. Qh5+ Kg2 96. Qd5+ R4f3 97. Qc6 Kg1 98. Qc5 Rb3 99. Qc1 Rf1+ 0-1

[Event "World Blitz 2015"]
[Site "Berlin GER"]
[Date "2015.10.13"]
[Round "2.43"]
[White "Rakhmanov, Aleksandr"]
[Black "Vovk, Yuri"]
[Result "0-1"]
[WhiteTitle "GM"]
[BlackTitle "GM"]
[WhiteElo "2637"]
[BlackElo "2617"]
[WhiteFideId "4173708"]
[BlackFideId "14113171"]
[EventDate "2015.10.13"]

1. c4 e5 2. Nf3 Nc6 3. d4 exd4 4. Nxd4 Bb4+ 5. Bd2 Bxd2+ 6. Qxd2 Nge7 7. Nc3 O-O
8. g3 d5 9. cxd5 Nxd5 10. Nxc6 bxc6 11. Bg2 Ba6 12. Nxd5 cxd5 13. Qxd5 Qe7 14.
O-O Qxe2 15. Rfe1 Qxb2 16. Qb3 Rab8 17. Qa4 Qb5 18. Qxb5 Bxb5 19. Rec1 a5 20. a4
Bd3 21. Rxc7 Rfc8 22. Rxc8+ Rxc8 23. Rd1 Bc2 24. Rc1 Bf5 25. Re1 Kf8 26. h4 Rc5
27. Bf1 Bd7 28. Ra1 Rd5 29. Bc4 Rd4 30. Bb5 Ke7 31. Rc1 Kd6 32. Kg2 h6 33. Rc3
g5 34. hxg5 hxg5 35. Rc1 Be6 36. Rc6+ Ke5 37. Rc5+ Bd5+ 38. Kf1 Kd6 39. Rc3 f5
40. Ke2 f4 41. gxf4 gxf4 42. Rc8 Re4+ 43. Kd2 Rd4+ 44. Ke2 Be4 45. Rd8+ Kc5 46.
Rf8 Bd5 47. Rb8 Bb3 48. Kf3 Bd1+ 49. Kg2 Bxa4 50. Bxa4 Rxa4 51. Ra8 Ra3 52. f3
a4 53. Rf8 Rc3 54. Rxf4 Rc4 55. Rf8 a3 56. Ra8 Kb4 57. Kg3 Kb3 58. f4 Ra4 59.
Rb8+ Kc2 60. Rc8+ Kb3 61. Rb8+ Rb4 62. Ra8 a2 63. Kg4 Ra4 64. Rb8+ Kc4 65. Rc8+
Kd5 0-1

[Event "World Blitz 2015"]
[Site "Berlin GER"]
[Date "2015.10.13"]
[Round "2.44"]
[White "Motylev, Alexander"]
[Black "Tomashevsky, Evgeny"]
[Result "0-1"]
[WhiteTitle "GM"]
[BlackTitle "GM"]
[WhiteElo "2649"]
[BlackElo "2758"]
[WhiteFideId "4121830"]
[BlackFideId "4147235"]
[EventDate "2015.10.13"]

1. e4 Nf6 2. e5 Nd5 3. d4 d6 4. c4 Nb6 5. exd6 exd6 6. Bd3 Be7 7. Ne2 Bg4 8. O-O
Nc6 9. h3 Bh5 10. Be3 O-O 11. Nbc3 Bf6 12. Qd2 Bg6 13. b3 Re8 14. Bxg6 hxg6 15.
Rfe1 d5 16. c5 Nc8 17. b4 N8e7 18. Ng3 Bh4 19. b5 Na5 20. Bf4 Nc4 21. Qd3 c6 22.
Nf1 Qd7 23. a4 Qf5 24. Qxf5 Nxf5 25. Red1 Bf6 26. Be3 Nfxe3 27. fxe3 Nxe3 28.
Nxe3 Rxe3 29. Rac1 Rae8 30. a5 a6 31. bxc6 bxc6 32. Rc2 Re1+ 33. Rxe1 Rxe1+ 34.
Kf2 Ra1 35. Ne2 Rxa5 36. Ke3 Ra3+ 37. Kd2 Bg5+ 38. Ke1 Be3 0-1

[Event "World Blitz 2015"]
[Site "Berlin GER"]
[Date "2015.10.13"]
[Round "2.45"]
[White "Hovhannisyan, Mher"]
[Black "Guseinov, Gadir"]
[Result "0-1"]
[WhiteTitle "IM"]
[BlackTitle "GM"]
[WhiteElo "2499"]
[BlackElo "2634"]
[WhiteFideId "13300865"]
[BlackFideId "13401378"]
[EventDate "2015.10.13"]

1. e4 c5 2. c3 g6 3. d4 cxd4 4. cxd4 d5 5. e5 Bg7 6. Nc3 Nc6 7. Bb5 Nh6 8. h3
O-O 9. Nf3 Bf5 10. O-O Be4 11. Bxc6 bxc6 12. Re1 Bxf3 13. Qxf3 Nf5 14. Qd3 f6
15. b3 Qb6 16. Be3 Nxe3 17. Rxe3 fxe5 18. dxe5 Rf7 19. Na4 Qb4 20. Re2 Raf8 21.
Rc1 Bh6 22. Qc3 Qh4 23. Rf1 Qh5 24. Qd3 Rf3 25. Qc2 Rxh3 26. gxh3 Rf3 27. Qxc6
Rxh3 28. Qc8+ Kg7 29. f4 Rh1+ 30. Kf2 Rh2+ 31. Ke1 Qxe2# 0-1

[Event "World Blitz 2015"]
[Site "Berlin GER"]
[Date "2015.10.13"]
[Round "2.46"]
[White "Bocharov, Dmitry"]
[Black "Godena, Michele"]
[Result "1-0"]
[WhiteTitle "GM"]
[BlackTitle "GM"]
[WhiteElo "2560"]
[BlackElo "2513"]
[WhiteFideId "4138716"]
[BlackFideId "800090"]
[EventDate "2015.10.13"]

1. c4 e5 2. g3 Nf6 3. Bg2 c6 4. d4 exd4 5. Qxd4 d5 6. Nf3 Be6 7. O-O dxc4 8.
Qxd8+ Kxd8 9. Rd1+ Nbd7 10. Ng5 Bc5 11. Nxe6+ fxe6 12. Nd2 Rf8 13. e3 Ng4 14.
Ne4 Be7 15. Bd2 Kc7 16. Rac1 Nde5 17. h3 Nf6 18. Ng5 Kb6 19. Nxe6 Rf7 20. f4 Nd3
21. Rxc4 Re8 22. Bc3 Nc5 23. Rb4+ Ka6 24. Nc7+ 1-0

[Event "World Blitz 2015"]
[Site "Berlin GER"]
[Date "2015.10.13"]
[Round "2.47"]
[White "Bauer, Christian"]
[Black "Guliyev, Namig"]
[Result "0-1"]
[WhiteTitle "GM"]
[BlackTitle "GM"]
[WhiteElo "2623"]
[BlackElo "2579"]
[WhiteFideId "603767"]
[BlackFideId "13400363"]
[EventDate "2015.10.13"]

1. e4 e5 2. Nf3 Nf6 3. d3 Nc6 4. g3 Bc5 5. Bg2 O-O 6. O-O d5 7. exd5 Nxd5 8. Re1
Re8 9. Nc3 Nb6 10. h3 f6 11. a4 Be6 12. a5 Nd5 13. a6 b6 14. Nh4 Qd7 15. Ne4 Bf8
16. Kh2 Rad8 17. c3 Nde7 18. Bf1 Nf5 19. Nxf5 Bxf5 20. Qf3 Bg6 21. g4 Na5 22.
Be3 Nb3 23. Rad1 c5 24. Ng3 Na5 25. Kg1 Bf7 26. Bg2 Qb5 27. d4 exd4 28. cxd4
cxd4 29. Bf4 Qxa6 30. Rxe8 Bxe8 31. Nf5 Bf7 32. Nxd4 Qc4 33. Nf5 Rxd1+ 34. Qxd1
Qxf4 35. Qd8 Qe5 36. f4 Qc5+ 37. Kh2 Nc4 38. b3 Ne3 39. Nxe3 Qxe3 40. Qb8 a5 41.
h4 Qc5 42. g5 Qd6 0-1

[Event "World Blitz 2015"]
[Site "Berlin GER"]
[Date "2015.10.13"]
[Round "2.48"]
[White "Handke, Florian"]
[Black "Ponkratov, Pavel"]
[Result "1/2-1/2"]
[WhiteTitle "GM"]
[BlackTitle "GM"]
[WhiteElo "2531"]
[BlackElo "2604"]
[WhiteFideId "4634527"]
[BlackFideId "4157800"]
[EventDate "2015.10.13"]

1. d4 Nf6 2. Nf3 c5 3. d5 b5 4. c4 Qa5+ 5. Bd2 b4 6. Qc2 g6 7. e4 d6 8. h3 Bg7
9. Bd3 O-O 10. O-O e5 11. Be3 Qd8 12. a3 Na6 13. Nbd2 Nh5 14. Kh2 Nf4 15. Bxf4
exf4 16. Rfe1 bxa3 17. Rxa3 Nb4 18. Qb1 Rb8 19. b3 Qc7 20. e5 dxe5 21. Ne4 f5
22. d6 Qc6 23. Neg5 e4 24. Nxe4 Nxd3 25. Qxd3 fxe4 26. Qxe4 Qxd6 27. Rxa7 Bf5
28. Qe7 Qxe7 29. Rexe7 Bf6 30. Rxh7 Rxb3 31. Rhc7 Rc3 32. Rxc5 Rxf3 33. gxf3 Bd4
34. Rcc7 Bxa7 35. Rxa7 Rf7 36. Ra4 Rc7 37. c5 Rxc5 38. Rxf4 Kg7 39. Kg2 Kh6 40.
Rh4+ Kg5 41. Rb4 Rc7 42. h4+ Kh5 43. Kg3 Rc1 44. Rb8 Kh6 45. Rh8+ Kg7 46. Rb8
Rh1 47. Rb4 Kh6 48. Kg2 Rb1 49. Ra4 Kh5 50. Rd4 Rb3 51. Rc4 Be6 52. Rd4 Rc3 53.
Kg3 Rc4 54. Rd8 Kh6 55. Rh8+ Kg7 56. Re8 Kf7 57. Rb8 Rc3 58. Rb4 Bd5 59. Rf4+
Kg7 60. Kg4 Kh6 61. Kg3 Rc7 62. Rd4 Bb7 63. Rb4 Rf7 64. Rb3 Bd5 65. Rd3 Rf5 66.
Rc3 Re5 67. Rd3 Bc6 68. Rc3 Re6 69. Ra3 Kg7 70. Ra7+ Kf6 71. Ra3 Bd5 72. Rd3 Bc4
73. Rc3 Ba6 74. Ra3 Bb7 75. Rb3 Bc6 76. Rc3 Rd6 77. Rc5 Bd5 78. Rc3 Ke5 79. Re3+
Kf5 80. Rd3 Ke5 81. Re3+ Kd4 82. Ra3 Rf6 83. Ra4+ Kd3 84. Rf4 Rd6 85. Rf8 Ke2
86. Re8+ Kf1 87. Rf8 Rb6 88. Rd8 Be6 89. Re8 Bf5 90. Re5 Rb2 91. h5 Rxf2 92.
hxg6 Rg2+ 93. Kf4 Bxg6 94. Rg5 1/2-1/2

[Event "World Blitz 2015"]
[Site "Berlin GER"]
[Date "2015.10.13"]
[Round "2.49"]
[White "Zvjaginsev, Vadim"]
[Black "Berend, Elvira"]
[Result "1-0"]
[WhiteTitle "GM"]
[BlackTitle "WGM"]
[WhiteElo "2660"]
[BlackElo "2370"]
[WhiteFideId "4113403"]
[BlackFideId "4000510"]
[EventDate "2015.10.13"]

1. e4 e5 2. Nf3 Nc6 3. g3 g6 4. Bg2 Bg7 5. O-O Nge7 6. c3 O-O 7. b4 a6 8. d3 d6
9. Nbd2 f5 10. Bb2 f4 11. a4 Bg4 12. b5 Nb8 13. Qb3+ Kh8 14. Ng5 Nd7 15. d4 Nd5
16. Nxh7 Kxh7 17. exd5 f3 18. Bh1 Qg5 19. Ne4 Qh5 20. bxa6 bxa6 21. h4 Nf6 22.
Ng5+ Kg8 23. dxe5 Nh7 24. Nxh7 Kxh7 25. exd6 cxd6 26. Bc1 Be5 27. Rb1 Bf5 28.
Qb7+ Kg8 29. Rb6 Qg4 30. Bh6 Rab8 31. Qe7 Rfe8 32. Rxb8 Rxb8 33. Qg5 Qxg5 34.
Bxg5 Be4 35. c4 Bd4 36. Re1 Bd3 37. Bxf3 Rb2 38. Be3 Be5 39. c5 dxc5 40. Bxc5
Bc3 41. Re3 Rb1+ 42. Kh2 1-0

[Event "World Blitz 2015"]
[Site "Berlin GER"]
[Date "2015.10.13"]
[Round "2.50"]
[White "Hirneise, Tobias"]
[Black "Sumets, Andrey"]
[Result "1/2-1/2"]
[WhiteTitle "IM"]
[BlackTitle "GM"]
[WhiteElo "2457"]
[BlackElo "2583"]
[WhiteFideId "24600881"]
[BlackFideId "14105500"]
[EventDate "2015.10.13"]

1. e4 e6 2. d4 d5 3. Nc3 Nf6 4. Bg5 dxe4 5. Nxe4 Nbd7 6. Nxf6+ Nxf6 7. Nf3 h6 8.
Bh4 c5 9. Bc4 cxd4 10. O-O Be7 11. Qe2 O-O 12. Rad1 Qb6 13. Nxd4 Qxb2 14. Nf5
exf5 15. Qxe7 Be6 16. Bxe6 fxe6 17. Qxe6+ Kh8 18. Rb1 Qd4 19. Bxf6 Rxf6 20. Qe7
b6 21. Rbd1 Qe4 22. Rd7 Qxe7 23. Rxe7 Rc6 24. Rc1 a5 25. h3 Rac8 26. Rb1 a4 27.
Rb4 a3 28. Rb3 Rxc2 29. Rxa3 R8c7 30. Rxc7 Rxc7 31. Rb3 Ra7 1/2-1/2

[Event "World Blitz 2015"]
[Site "Berlin GER"]
[Date "2015.10.13"]
[Round "2.51"]
[White "Demuth, Adrien"]
[Black "Romanov, Evgeny"]
[Result "1-0"]
[WhiteTitle "GM"]
[BlackTitle "GM"]
[WhiteElo "2545"]
[BlackElo "2573"]
[WhiteFideId "642274"]
[BlackFideId "4148843"]
[EventDate "2015.10.13"]

1. Nf3 d5 2. c4 d4 3. b4 g6 4. e3 e5 5. Nxe5 Bg7 6. f4 dxe3 7. Bb2 exd2+ 8. Nxd2
Nf6 9. Be2 O-O 10. O-O Nbd7 11. Ndf3 Nxe5 12. Bxe5 Qe7 13. Qb3 a5 14. a3 axb4
15. axb4 Rxa1 16. Rxa1 Ng4 17. Bxg7 Kxg7 18. Qc3+ f6 19. Re1 Qe3+ 20. Qxe3 Nxe3
21. Bd3 Re8 22. Kf2 Ng4+ 23. Kg3 Rxe1 24. Nxe1 Be6 25. Nc2 f5 26. h3 Nf6 27. Kf3
Bd7 28. Nd4 b6 29. Ke3 Kf7 30. g3 Ke7 31. Nf3 Nh5 32. Kf2 Nf6 33. Ke3 Kd6 34.
Ng5 c5 35. b5 Bc8 36. Nf3 Bb7 37. Bf1 Ne4 38. g4 fxg4 39. hxg4 Nf6 40. g5 Ng4+
41. Ke2 h5 42. gxh6 Nxh6 43. Ne5 Be4 44. Ke3 Bb1 45. Bd3 Bxd3 46. Kxd3 g5 47.
fxg5 Ng8 48. Ke4 Ke6 49. Nd3 Ne7 50. Nf4+ Kd6 51. g6 Ng8 52. g7 Ke7 53. Kd5 Kf6
54. Kc6 Ke5 55. Kxb6 Kxf4 56. Kxc5 Ke5 57. b6 Ke6 58. b7 Nf6 59. b8=Q 1-0